[Event "2 Bundesliga Mitte 2006/2007"]
[Site "Ansfelden"]
[Date "2007.01.28"]
[Round "7"]
[Board "1"]
[White "Horvath, Adam"]
[Black "Horvath, Tamas"]
[Result "1/2-1/2"]
[WhiteElo "2495"]
[BlackElo "2427"]
[PlyCount "34"]
[EventDate "2006.10.28"]
[EventType "team"]
[EventRounds "11"]
[EventCountry "AUT"]
[WhiteTeam "Austria Graz"]
[BlackTeam "SC Gleisdorf"]

1.e4 c5 2.Nf3 Nc6 3.d4 cxd4 4.Nxd4 Nf6 5.Nc3 e5 6.Ndb5 d6 7.Bg5 a6 8.Na3 b5
9.Nd5 Be7 10.Bxf6 Bxf6 11.c4 b4 12.Nc2 Rb8 13.b3 O-O 14.g3 a5 15.h4 Be6 16.Bd3
Be7 17.Kf1 Qd7

[Event "2 Bundesliga Mitte 2006/2007"]
[Site "Ansfelden"]
[Date "2007.01.28"]
[Round "7"]
[Board "2"]
[White "Meszaros, Tamas"]
[Black "Sakelsek, Tadej"]
[Result "1/2-1/2"]
[WhiteElo "2352"]
[BlackElo "2432"]
[PlyCount "20"]
[EventDate "2006.10.28"]
[EventType "team"]
[EventRounds "11"]
[EventCountry "AUT"]
[WhiteTeam "SC Gleisdorf"]
[BlackTeam "Austria Graz"]

1.e4 e5 2.Nf3 Nf6 3.Nxe5 d6 4.Nf3 Nxe4 5.Nc3 Nxc3 6.dxc3 Be7 7.Bf4 Nc6 8.Qd2 Be6
9.Nd4 Nxd4 10.cxd4 d5

[Event "2 Bundesliga Mitte 2006/2007"]
[Site "Ansfelden"]
[Date "2007.01.28"]
[Round "7"]
[Board "3"]
[White "Fahrner, Kurt"]
[Black "Sandhu, Mario"]
[Result "0-1"]
[WhiteElo "2346"]
[BlackElo "2288"]
[PlyCount "48"]
[EventDate "2006.10.28"]
[EventType "team"]
[EventRounds "11"]
[EventCountry "AUT"]
[WhiteTeam "Austria Graz"]
[BlackTeam "SC Gleisdorf"]

1.d4 Nf6 2.c4 e6 3.Nc3 Bb4 4.Qc2 O-O 5.a3 Bxc3+ 6.Qxc3 b5 7.cxb5 c6 8.f3 Nd5
9.Qd3 cxb5 10.e4 Nb6 11.Nh3 Nc6 12.Be3 Nc4 13.Bf2 Nxb2 14.Qxb5 Rb8 15.Qg5 f6
16.Qd2 Na4 17.Bd3 Rb2 18.Bc2 Ba6 19.Nf4 Na5 20.Qd1 Nb3 21.Nd3 Qa5+ 22.Nb4 Nc3
23.Bxb3 Nxd1 24.Bxd1 Rxb4

[Event "2 Bundesliga Mitte 2006/2007"]
[Site "Ansfelden"]
[Date "2007.01.28"]
[Round "7"]
[Board "4"]
[White "Frosch, Ronald"]
[Black "Aschenbrenner, Robert"]
[Result "1/2-1/2"]
[WhiteElo "2264"]
[BlackElo "2280"]
[PlyCount "23"]
[EventDate "2006.10.28"]
[EventType "team"]
[EventRounds "11"]
[EventCountry "AUT"]
[WhiteTeam "SC Gleisdorf"]
[BlackTeam "Austria Graz"]

1.d4 d5 2.Nf3 e6 3.e3 Nf6 4.Bd3 c5 5.b3 cxd4 6.exd4 Bb4+ 7.c3 Bd6 8.O-O Qc7
9.Qe2 Nbd7 10.Na3 a6 11.c4 dxc4 12.Nxc4

[Event "2 Bundesliga Mitte 2006/2007"]
[Site "Ansfelden"]
[Date "2007.01.28"]
[Round "7"]
[Board "5"]
[White "Kastner, Walter"]
[Black "Wanderer, Thomas"]
[Result "0-1"]
[WhiteElo "2239"]
[BlackElo "2206"]
[PlyCount "150"]
[EventDate "2006.10.28"]
[EventType "team"]
[EventRounds "11"]
[EventCountry "AUT"]
[WhiteTeam "Austria Graz"]
[BlackTeam "SC Gleisdorf"]

1.e4 c5 2.Nf3 e6 3.d4 cxd4 4.Nxd4 a6 5.Nc3 Qc7 6.Bd3 Nf6 7.O-O Be7 8.Kh1 d6 9.f4
Nbd7 10.a4 b6 11.e5 dxe5 12.fxe5 Qxe5 13.Qf3 Bd6 14.g3 Qxd4 15.Be3 Qb4 16.Qxa8
O-O 17.Ne4 Be5 18.Nxf6+ Nxf6 19.Bf4 Qe7 20.Bxe5 Bb7+ 21.Qxb7 Qxb7+ 22.Kg1 Ng4
23.Bc3 b5 24.axb5 Qb6+ 25.Kh1 axb5 26.Bb4 Rc8 27.Ra5 Ne3 28.Rf4 f5 29.Rf2 Nc4
30.Bxc4 bxc4 31.Be1 c3 32.b4 Qxb4 33.Re5 Rc6 34.Rfe2 Kf7 35.Kg2 g5 36.h3 h5
37.R5e3 g4 38.h4 Qd4 39.Rd3 Qxd3 40.cxd3 c2 41.Bd2 c1=Q 42.Bxc1 Rxc1 43.Ra2 Rd1
44.Kf2 Rxd3 45.Ra7+ Kg6 46.Re7 Rf3+ 47.Kg2 Re3 48.Kf2 Re4 49.Re8 f4 50.gxf4
Rxf4+ 51.Kg2 Kf6 52.Rf8+ Ke5 53.Ra8 Rd4 54.Rh8 Kf4 55.Rf8+ Ke4 56.Rh8 Rd5 57.Kg3
Rf5 58.Ra8 Rf3+ 59.Kg2 Rh3 60.Ra4+ Kf5 61.Ra1 Rxh4 62.Rf1+ Ke5 63.Re1+ Kf6
64.Rf1+ Ke7 65.Ra1 Rh3 66.Ra7+ Kf6 67.Rh7 e5 68.Rh8 Kf5 69.Rf8+ Ke4 70.Rh8 Ke3
71.Ra8 e4 72.Ra3+ Kf4 73.Ra5 Rg3+ 74.Kh2 h4 75.Ra8 Rb3

[Event "2 Bundesliga Mitte 2006/2007"]
[Site "Ansfelden"]
[Date "2007.01.28"]
[Round "7"]
[Board "1"]
[White "Shengelia, Davit"]
[Black "Mohr, Georg"]
[Result "1-0"]
[WhiteElo "2490"]
[BlackElo "2478"]
[PlyCount "69"]
[EventDate "2006.10.28"]
[EventType "team"]
[EventRounds "11"]
[EventCountry "AUT"]
[WhiteTeam "Union Styria Kleine Zeitung Graz 2"]
[BlackTeam "Strassenbahn Graz"]

1.d4 e6 2.c4 f5 3.g3 Nf6 4.Bg2 Be7 5.Nf3 O-O 6.d5 Na6 7.O-O Nc5 8.Nd4 a5 9.Nc3
g6 10.Ndb5 d6 11.dxe6 c6 12.Nd4 Nxe6 13.b3 Qb6 14.Be3 Qc7 15.Nxe6 Bxe6 16.Rc1
Qd7 17.Qd2 Qe8 18.Bh6 Rf7 19.Rfd1 Rd8 20.Be3 Bf8 21.Na4 d5 22.Qxa5 Ra8 23.Qd2
dxc4 24.Nb6 Ra6 25.Nxc4 Rd7 26.Qc2 Rxd1+ 27.Rxd1 Nd5 28.Bxd5 Bxd5 29.Nb6 Be6
30.a4 Bf7 31.Bc5 Bg7 32.b4 h5 33.Qd2 Bf6 34.Qd6 Bb3 35.Qxf6

[Event "2 Bundesliga Mitte 2006/2007"]
[Site "Ansfelden"]
[Date "2007.01.28"]
[Round "7"]
[Board "2"]
[White "Horvath, Gyula"]
[Black "Stohl, Igor"]
[Result "1/2-1/2"]
[WhiteElo "2431"]
[BlackElo "2558"]
[PlyCount "20"]
[EventDate "2006.10.28"]
[EventType "team"]
[EventRounds "11"]
[EventCountry "AUT"]
[WhiteTeam "Strassenbahn Graz"]
[BlackTeam "Union Styria Kleine Zeitung Graz 2"]

1.c4 Nf6 2.Nc3 e6 3.Nf3 d5 4.d4 Be7 5.Bg5 h6 6.Bxf6 Bxf6 7.e3 O-O 8.Rc1 c6 9.Bd3
Nd7 10.O-O dxc4

[Event "2 Bundesliga Mitte 2006/2007"]
[Site "Ansfelden"]
[Date "2007.01.28"]
[Round "7"]
[Board "3"]
[White "Nanu, Ciprian Costica"]
[Black "Butunoi, Alexandru"]
[Result "1-0"]
[WhiteElo "2457"]
[BlackElo "2404"]
[PlyCount "87"]
[EventDate "2006.10.28"]
[EventType "team"]
[EventRounds "11"]
[EventCountry "AUT"]
[WhiteTeam "Union Styria Kleine Zeitung Graz 2"]
[BlackTeam "Strassenbahn Graz"]

1.d4 Nf6 2.Nf3 g6 3.g3 Bg7 4.Bg2 O-O 5.O-O Nc6 6.c4 a6 7.Nc3 Rb8 8.Re1 b5 9.c5
d6 10.d5 Na5 11.cxd6 cxd6 12.h3 b4 13.Na4 Bd7 14.a3 Ne4 15.axb4 Rxb4 16.Nd2 Qe8
17.Nb6 Rxb6 18.Rxa5 Nc5 19.b3 Qb8 20.Ra3 Rc8 21.Kh2 Bc3 22.Rf1 Bxd2 23.Bxd2 Rxb3
24.Ra1 Na4 25.Bh6 Qb6 26.Rxa4 Bxa4 27.Qa1 Rb2 28.Qxa4 Rxe2 29.Be3 Qb7 30.h4 Rb2
31.Re1 Rb4 32.Qa1 f6 33.Bh3 Rc2 34.Qa5 f5 35.Qd8+ Kf7 36.Qh8 Qxd5 37.Qxh7+ Ke8
38.Qxg6+ Qf7 39.Bxf5 Rc7 40.Bd2 Rb5 41.g4 Qxg6 42.Bxg6+ Kf8 43.Ra1 Rd5 44.Bh6+

[Event "2 Bundesliga Mitte 2006/2007"]
[Site "Ansfelden"]
[Date "2007.01.28"]
[Round "7"]
[Board "4"]
[White "Krebs, Johann"]
[Black "Wittmann, Walter"]
[Result "0-1"]
[WhiteElo "2276"]
[BlackElo "2361"]
[PlyCount "72"]
[EventDate "2006.10.28"]
[EventType "team"]
[EventRounds "11"]
[EventCountry "AUT"]
[WhiteTeam "Strassenbahn Graz"]
[BlackTeam "Union Styria Kleine Zeitung Graz 2"]

1.d4 d5 2.c4 e6 3.Nf3 Nf6 4.Nc3 dxc4 5.e3 a6 6.Bxc4 b5 7.Bb3 c5 8.O-O Bb7 9.Qe2
Nbd7 10.Rd1 Qc7 11.Bd2 Bd6 12.Rac1 Qb8 13.dxc5 Nxc5 14.Bc2 O-O 15.h3 Rd8 16.Be1
Bc6 17.Nd4 Bb7 18.b4 Ncd7 19.a4 Bxb4 20.axb5 axb5 21.Qxb5 Bxc3 22.Bxc3 Rc8
23.Bb1 Rc5 24.Qb2 Rg5 25.Nc6 Bxc6 26.Qxb8+ Rxb8 27.Bxf6 Rxg2+ 28.Kf1 Nxf6
29.Rxc6 Rh2 30.Rb6 Rf8 31.Kg1 Rxh3 32.Ba2 Rh5 33.Rb7 Rg5+ 34.Kf1 Ne4 35.Bb3 Rf5
36.Bc2 Rxf2+

[Event "2 Bundesliga Mitte 2006/2007"]
[Site "Ansfelden"]
[Date "2007.01.28"]
[Round "7"]
[Board "5"]
[White "Hatzl, Stefan"]
[Black "Pesorda, Ivan"]
[Result "1/2-1/2"]
[WhiteElo "2159"]
[BlackElo "2250"]
[PlyCount "120"]
[EventDate "2006.10.28"]
[EventType "team"]
[EventRounds "11"]
[EventCountry "AUT"]
[WhiteTeam "Union Styria Kleine Zeitung Graz 2"]
[BlackTeam "Strassenbahn Graz"]

1.e4 c5 2.c3 Nf6 3.e5 Nd5 4.d4 cxd4 5.cxd4 Nc6 6.Nf3 d6 7.Bc4 Nb6 8.Bb5 dxe5
9.Nxe5 Bd7 10.Nxd7 Qxd7 11.O-O e6 12.Qg4 g6 13.Nc3 a6 14.Bxc6 bxc6 15.Bg5 Bg7
16.Rfd1 O-O 17.Rac1 a5 18.Qh4 Nd5 19.Rd3 f6 20.Bd2 Rfb8 21.b3 Nxc3 22.Rdxc3 Rb6
23.Be3 Rba6 24.Qe4 Rc8 25.Qc2 Bf8 26.Qe2 Raa8 27.Qf3 Ba3 28.R1c2 a4 29.bxa4 Be7
30.Rxc6 Rxc6 31.Qxc6 Qxc6 32.Rxc6 Kf7 33.Rc4 Ke8 34.g3 Kd7 35.Kg2 Kd6 36.h4 Ra7
37.Rb4 Kc6 38.d5+ exd5 39.Rb6+ Kd7 40.Rb5 Rxa4 41.Rxd5+ Ke6 42.Rd2 h5 43.Rb2 Kf5
44.Rb5+ Ke6 45.Rb2 Kf5 46.Rb7 Bf8 47.Ra7 Rxa7 48.Bxa7 Ba3 49.Bb6 g5 50.hxg5 fxg5
51.Bd8 g4 52.Kf1 Ke4 53.Ke2 Kd4 54.Bb6+ Ke4 55.Ba7 Be7 56.a4 h4 57.gxh4 Bxh4
58.a5 Kd5 59.Bb8 Bxf2 60.Kxf2 Kc6

[Event "2 Bundesliga Mitte 2006/2007"]
[Site "Ansfelden"]
[Date "2007.01.28"]
[Round "7"]
[Board "6"]
[White "Steiner, Stefan"]
[Black "Manhardt, Thomas"]
[Result "1/2-1/2"]
[WhiteElo "2229"]
[BlackElo "2163"]
[PlyCount "128"]
[EventDate "2006.10.28"]
[EventType "team"]
[EventRounds "11"]
[EventCountry "AUT"]
[WhiteTeam "Strassenbahn Graz"]
[BlackTeam "Union Styria Kleine Zeitung Graz 2"]

1.d4 g6 2.c4 f5 3.g3 Nf6 4.Bg2 c5 5.e3 Bg7 6.Nc3 O-O 7.Nge2 d6 8.O-O Na6 9.b3
Rb8 10.Bb2 Bd7 11.Qd2 Nc7 12.Rfd1 Qe8 13.Rac1 b6 14.dxc5 bxc5 15.Nf4 Bc6 16.Ncd5
Nfxd5 17.Nxd5 Nxd5 18.Bxd5+ Bxd5 19.Qxd5+ Qf7 20.Bxg7 Kxg7 21.Qxf7+ Kxf7 22.h4
Rb4 23.Rd3 Rfb8 24.Rcc3 a5 25.a4 Kf6 26.Kg2 h6 27.Kf3 Ke5 28.Rd5+ Ke6 29.Rdd3
Rf8 30.Rd2 g5 31.hxg5 hxg5 32.g4 Rbb8 33.gxf5+ Rxf5+ 34.Kg3 Rbf8 35.e4 Rf4
36.Re3 g4 37.Rde2 Ke5 38.Re1 Rxf2 39.Kxg4 Rg8+ 40.Kh3 Rf6 41.Rg3 Rxg3+ 42.Kxg3
Rf4 43.Rh1 Rxe4 44.Kf3 Rd4 45.Ke3 Rg4 46.Rh5+ Kf6 47.Kd3 Rg3+ 48.Kc2 Kg7 49.Rf5
e6 50.Rf1 Rg5 51.Rd1 d5 52.cxd5 exd5 53.Rf1 Rg2+ 54.Kd3 Rg3+ 55.Kc2 d4 56.Rf5
Rc3+ 57.Kb2 Kg6 58.Rf8 c4 59.bxc4 Rxc4 60.Kb3 Rc3+ 61.Kb2 Rc5 62.Rd8 Rc4 63.Kb3
Rb4+ 64.Kc2 Rxa4

[Event "2 Bundesliga Mitte 2006/2007"]
[Site "St Veit"]
[Date "2007.01.28"]
[Round "7"]
[Board "1"]
[White "Neubauer, Martin"]
[Black "Vajda, Levente"]
[Result "0-1"]
[WhiteElo "2480"]
[BlackElo "2524"]
[PlyCount "72"]
[EventDate "2006.10.28"]
[EventType "team"]
[EventRounds "11"]
[EventCountry "AUT"]
[WhiteTeam "ASVOe Raika StVeit/Glan"]
[BlackTeam "ZH Technologies Wolfsberg"]

1.e4 c5 2.Nf3 d6 3.Bb5+ Bd7 4.Bxd7+ Qxd7 5.c4 g6 6.d4 Bg7 7.Nc3 cxd4 8.Nxd4 Nc6
9.Nde2 Nf6 10.O-O O-O 11.f3 Ne8 12.Be3 f5 13.Qd2 Nf6 14.exf5 gxf5 15.Rad1 Rad8
16.Nd5 Kh8 17.Bh6 Bxh6 18.Qxh6 Rf7 19.Nef4 Rg8 20.Rfe1 Ne5 21.Kh1 b6 22.b3 Qb7
23.Rd2 Nfd7 24.Qh4 Nf8 25.Nd3 e6 26.Nxe5 dxe5 27.Nc3 Ng6 28.Qf2 Qe7 29.Red1 h5
30.Rd6 h4 31.Qd2 Nf4 32.Qe3 Qg5 33.Qxe5+ Rfg7 34.R1d2 Nxg2 35.Qxe6 Kh7 36.Rd7
Ne3

[Event "2 Bundesliga Mitte 2006/2007"]
[Site "St Veit"]
[Date "2007.01.28"]
[Round "7"]
[Board "2"]
[White "Vajda, Albert"]
[Black "Rogic, Davor"]
[Result "1/2-1/2"]
[WhiteElo "2478"]
[BlackElo "2494"]
[PlyCount "101"]
[EventDate "2006.10.28"]
[EventType "team"]
[EventRounds "11"]
[EventCountry "AUT"]
[WhiteTeam "ZH Technologies Wolfsberg"]
[BlackTeam "ASVOe Raika StVeit/Glan"]

1.e4 e5 2.Nf3 Nc6 3.Bc4 Bc5 4.O-O d6 5.c3 Qf6 6.b4 Bb6 7.a4 a6 8.d3 h6 9.Be3
Nge7 10.Bxb6 cxb6 11.Qe1 Bg4 12.Nbd2 Nb8 13.Qe3 Nd7 14.h3 Bxf3 15.Nxf3 Rc8
16.Nd2 O-O 17.Rac1 Ng6 18.g3 Qd8 19.Kh2 Nf6 20.Bb3 Qc7 21.Rc2 Rfd8 22.Qf3 b5
23.axb5 axb5 24.Rb1 Qd7 25.Ra1 Rc7 26.Nf1 d5 27.Ne3 Ne7 28.Re1 dxe4 29.dxe4 Qc6
30.Ng2 Rcd7 31.Re3 Nc8 32.Ne1 Nb6 33.Nd3 Qc7 34.Nc5 Rd6 35.Qe2 Nc4 36.Rd3 b6
37.Bxc4 bxc4 38.Rxd6 Rxd6 39.Na4 Qc6 40.Nb2 b5 41.f3 Qd7 42.Qe3 Nh7 43.f4 exf4
44.gxf4 Nf8 45.e5 Rd5 46.Rg2 Qf5 47.Qf3 Qe6 48.Nd1 Rd3 49.Ne3 Qb6 50.Qg4 Qg6
51.Qf3

[Event "2 Bundesliga Mitte 2006/2007"]
[Site "St Veit"]
[Date "2007.01.28"]
[Round "7"]
[Board "3"]
[White "Jurkovic, Hryoje"]
[Black "Schachinger, Mario"]
[Result "1-0"]
[WhiteElo "2438"]
[BlackElo "2277"]
[PlyCount "157"]
[EventDate "2006.10.28"]
[EventType "team"]
[EventRounds "11"]
[EventCountry "AUT"]
[WhiteTeam "ASVOe Raika StVeit/Glan"]
[BlackTeam "ZH Technologies Wolfsberg"]

1.e4 e5 2.Nf3 Nc6 3.Bb5 a6 4.Bxc6 dxc6 5.O-O Bg4 6.h3 h5 7.d3 Qf6 8.Be3 Bxf3
9.Qxf3 Qxf3 10.gxf3 Bd6 11.Nd2 Ne7 12.Nc4 Ng6 13.Kg2 f6 14.Rg1 Nh4+ 15.Kf1 g5
16.Ke2 c5 17.c3 Kf7 18.a4 Be7 19.a5 Ke6 20.Ra4 Ng6 21.Rga1 Rhf8 22.Nd2 f5
23.exf5+ Rxf5 24.Rg1 Raf8 25.Rg3 Rd8 26.Ne4 Nf4+ 27.Bxf4 exf4 28.Rg1 Rfd5 29.Rd1
Kf5 30.b3 R8d7 31.Rc4 b5 32.axb6 cxb6 33.Ra4 a5 34.Raa1 Bd8 35.c4 Re5 36.Kd2 Re6
37.Re1 Bf6 38.Rad1 Bd4 39.Rg1 Rg6 40.Rde1 Ra7 41.Rb1 Rd7 42.Rg2 Rg8 43.Rbg1 Bf6
44.Kc2 Rdg7 45.Re1 Be5 46.Rgg1 Rg6 47.Re2 Bd4 48.Rh1 Ra8 49.Kb1 Rd8 50.Ka2 Rg7
51.Ka3 Rgd7 52.Rd2 Be5 53.Rhd1 g4 54.hxg4+ hxg4 55.fxg4+ Kxg4 56.Rg1+ Kf5
57.Rg5+ Ke6 58.Re2 Rxd3 59.Nxc5+ bxc5 60.Rexe5+ Kf6 61.Ref5+ Ke6 62.Rxc5 Rf3
63.Rc6+ Ke7 64.Rxa5 Rb8 65.Rb5 Ra8+ 66.Kb4 Rxf2 67.Rb7+ Kf8 68.c5 f3 69.Rf6+ Kg8
70.c6 Rc2 71.c7 Rc8 72.Rxf3 R8xc7 73.Rxc7 Rxc7 74.Ka5 Ra7+ 75.Kb5 Rb7+ 76.Kc5
Rb8 77.b4 Rc8+ 78.Kd6 Rb8 79.Rf4

[Event "2 Bundesliga Mitte 2006/2007"]
[Site "St Veit"]
[Date "2007.01.28"]
[Round "7"]
[Board "4"]
[White "Zechner, Gernot"]
[Black "Mazi, Leon"]
[Result "0-1"]
[WhiteElo "2245"]
[BlackElo "2350"]
[PlyCount "48"]
[EventDate "2006.10.28"]
[EventType "team"]
[EventRounds "11"]
[EventCountry "AUT"]
[WhiteTeam "ZH Technologies Wolfsberg"]
[BlackTeam "ASVOe Raika StVeit/Glan"]

1.e4 c5 2.Nf3 d6 3.d4 cxd4 4.Nxd4 Nf6 5.Nc3 a6 6.f3 e6 7.Be3 b5 8.Qd2 h5 9.O-O-O
Bb7 10.Kb1 Nbd7 11.Bd3 Be7 12.h3 h4 13.g4 hxg3 14.Rdg1 Nh5 15.a3 Rc8 16.f4 Ndf6
17.e5 dxe5 18.fxe5 Nd5 19.Ne4 Qc7 20.Nf3 Nxe3 21.Qxe3 Bc5 22.Nxc5 Qxc5 23.Qe2
Qf2 24.Rf1 Qxe2

[Event "2 Bundesliga Mitte 2006/2007"]
[Site "St Veit"]
[Date "2007.01.28"]
[Round "7"]
[Board "5"]
[White "Hebesberger, Thomas"]
[Black "Waldmann, Gerald"]
[Result "1-0"]
[WhiteElo "2333"]
[BlackElo "2153"]
[PlyCount "79"]
[EventDate "2006.10.28"]
[EventType "team"]
[EventRounds "11"]
[EventCountry "AUT"]
[WhiteTeam "ASVOe Raika StVeit/Glan"]
[BlackTeam "ZH Technologies Wolfsberg"]

1.c4 e5 2.g3 Nc6 3.Bg2 g6 4.Nc3 Bg7 5.e4 d6 6.Nge2 f5 7.d3 Nf6 8.O-O O-O 9.Nd5
h6 10.h3 g5 11.exf5 Bxf5 12.Nec3 Qd7 13.Kh2 Nxd5 14.Bxd5+ Kh8 15.Bg2 Nb4 16.Ne4
c6 17.a3 Na6 18.Qh5 Kg8 19.g4 Be6 20.Bxg5 hxg5 21.Nxg5 Rf6 22.Qh7+ Kf8 23.f4 Bg8
24.fxe5 Bxh7 25.Nxh7+ Kg8 26.Nxf6+ Bxf6 27.exf6 Kf7 28.Rf5 Qe6 29.Raf1 Qe2 30.b4
Re8 31.Rh5 Qxd3 32.Rff5 Ke6 33.b5 Nc7 34.bxc6 bxc6 35.Rh7 Na6 36.Bxc6 Qc2+
37.Kg3 Qc3+ 38.Kh4 Qe1+ 39.Kh5 Qg3 40.Bd5#

[Event "2 Bundesliga Mitte 2006/2007"]
[Site "St Veit"]
[Date "2007.01.28"]
[Round "7"]
[Board "6"]
[White "Toefferl, Heimo"]
[Black "Eichhorn, Alfred"]
[Result "0-1"]
[WhiteElo "2164"]
[BlackElo "2096"]
[PlyCount "115"]
[EventDate "2006.10.28"]
[EventType "team"]
[EventRounds "11"]
[EventCountry "AUT"]
[WhiteTeam "ZH Technologies Wolfsberg"]
[BlackTeam "ASVOe Raika StVeit/Glan"]

1.d4 Nf6 2.c4 e6 3.Nc3 Bb4 4.Qc2 O-O 5.Bg5 c5 6.d5 exd5 7.cxd5 Qb6 8.Rd1 Re8
9.Nf3 Ne4 10.e3 h6 11.Bh4 g5 12.Bg3 Qf6 13.Rc1 d6 14.Bd3 Bf5 15.O-O Nxg3 16.hxg3
Bxd3 17.Qxd3 Nd7 18.a3 Bxc3 19.Rxc3 Ne5 20.Nxe5 Qxe5 21.f4 Qe4 22.Qd1 Qg6 23.f5
Qf6 24.Qf3 Re7 25.g4 Rae8 26.Rfc1 Re4 27.b3 Qe5 28.Kf2 Qxd5 29.Rd1 Qe5 30.Rcd3
Qb2+ 31.R1d2 Qxa3 32.Rxd6 Rxe3 33.Qd5 Qc1 34.Rg6+ Kf8 35.Qd6+ R3e7 36.Kg3 Qe1+
37.Rf2 fxg6 38.Qf6+ Rf7 39.Qd6+ Qe7 40.Qxg6 Qf6 41.Qh5 Kg7 42.Qh1 Qd6+ 43.Kh3
Re3+ 44.Rf3 Rxf3+ 45.gxf3 Qf4 46.Kg2 Rd7 47.Qa1+ Rd4 48.b4 Qd2+ 49.Kh3 Qf2
50.bxc5 Qxf3+ 51.Kh2 Qxg4 52.c6 Qe2+ 53.Kh3 Qf3+ 54.Kh2 Qf2+ 55.Kh1 Qd2 56.Qxa7
Qe1+ 57.Kg2 Rg4+ 58.Kf3

[Event "2 Bundesliga Mitte 2006/2007"]
[Site "St Veit"]
[Date "2007.01.28"]
[Round "7"]
[Board "1"]
[White "Pinter, Jozsef"]
[Black "Kaspret, Guido"]
[Result "1/2-1/2"]
[WhiteElo "2532"]
[BlackElo "2325"]
[PlyCount "105"]
[EventDate "2006.10.28"]
[EventType "team"]
[EventRounds "11"]
[EventCountry "AUT"]
[WhiteTeam "Fuerstenfeld"]
[BlackTeam "Maria Saal"]

1.d4 Nf6 2.c4 g6 3.Nc3 Bg7 4.Nf3 d6 5.g3 O-O 6.Bg2 c6 7.O-O Bf5 8.b3 Qc8 9.Re1
Ne4 10.Bb2 Nd7 11.Nh4 Nxc3 12.Bxc3 Be6 13.Rc1 Nf6 14.e4 Bg4 15.Qd2 Bh3 16.Nf5
Bxf5 17.exf5 Qxf5 18.Rxe7 Rab8 19.h3 h5 20.Bb4 Rfd8 21.Rce1 Bf8 22.R7e2 Re8
23.d5 Rxe2 24.Rxe2 cxd5 25.cxd5 Rc8 26.Bc3 Re8 27.Rxe8 Nxe8 28.Qe3 Qc8 29.Bd4 a6
30.Qc3 Qf5 31.Qb4 Qd7 32.a4 Bg7 33.Be3 Qc8 34.Bf4 Bc3 35.Qb6 Qd7 36.Bg5 Bf6
37.Be3 Bd8 38.Qa7 Qc7 39.Qa8 Nf6 40.Bg5 Kg7 41.b4 Be7 42.Be3 Nd7 43.Qa7 Bf6
44.Bf1 Qc8 45.Bg2 Ne5 46.Kh2 Nd3 47.b5 axb5 48.axb5 h4 49.Qa3 Qf5 50.g4 Qe5+
51.Kg1 Nf4 52.Bxf4 Qxf4 53.Qf3

[Event "2 Bundesliga Mitte 2006/2007"]
[Site "St Veit"]
[Date "2007.01.28"]
[Round "7"]
[Board "2"]
[White "Horvath, Gabor"]
[Black "Wach, Markus"]
[Result "0-1"]
[WhiteElo "2273"]
[BlackElo "2385"]
[PlyCount "61"]
[EventDate "2006.10.28"]
[EventType "team"]
[EventRounds "11"]
[EventCountry "AUT"]
[WhiteTeam "Maria Saal"]
[BlackTeam "Fuerstenfeld"]

1.e4 c5 2.Nc3 Nc6 3.f4 g6 4.Nf3 Bg7 5.g3 d6 6.Bg2 Nf6 7.d3 Rb8 8.a4 a6 9.O-O O-O
10.h3 b5 11.axb5 axb5 12.g4 b4 13.Ne2 Bb7 14.Qe1 Nd7 15.Qg3 Ra8 16.Rb1 Ra2
17.Kh1 Ba6 18.Nd2 Qc7 19.Qf3 Nd4 20.Nxd4 cxd4 21.e5 Qxc2 22.Qd5 b3 23.e6 Nb6
24.exf7+ Rxf7 25.Qe6 Bxd3 26.Re1 Ra5 27.Be4 Bxe4+ 28.Nxe4 Qxb1 29.Bd2 Qa2 30.Ng5
Rxg5 31.fxg5

[Event "2 Bundesliga Mitte 2006/2007"]
[Site "St Veit"]
[Date "2007.01.28"]
[Round "7"]
[Board "3"]
[White "Kuba, Guenter"]
[Black "Reschun, Sascha"]
[Result "0-1"]
[WhiteElo "2391"]
[BlackElo "2234"]
[PlyCount "54"]
[EventDate "2006.10.28"]
[EventType "team"]
[EventRounds "11"]
[EventCountry "AUT"]
[WhiteTeam "Fuerstenfeld"]
[BlackTeam "Maria Saal"]

1.e4 e6 2.d4 d5 3.Nd2 Nf6 4.e5 Ne4 5.Bd3 Nxd2 6.Bxd2 c5 7.dxc5 Nd7 8.Nf3 Nxc5
9.O-O Nxd3 10.cxd3 Be7 11.Bb4 Qb6 12.Bxe7 Kxe7 13.Qa4 Bd7 14.Qa3+ Ke8 15.Rac1
Rc8 16.Rxc8+ Bxc8 17.Rc1 Bd7 18.h4 f6 19.Rc5 Rf8 20.Qc3 Ke7 21.h5 f5 22.Nd4 Rb8
23.g3 a6 24.a4 Bxa4 25.Qa3 Kf7 26.Qxa4 Qxc5 27.Qd7+ Qe7

[Event "2 Bundesliga Mitte 2006/2007"]
[Site "St Veit"]
[Date "2007.01.28"]
[Round "7"]
[Board "4"]
[White "Lako, Laszlo"]
[Black "Kilgus, Georg"]
[Result "1/2-1/2"]
[WhiteElo "2179"]
[BlackElo "2360"]
[PlyCount "38"]
[EventDate "2006.10.28"]
[EventType "team"]
[EventRounds "11"]
[EventCountry "AUT"]
[WhiteTeam "Maria Saal"]
[BlackTeam "Fuerstenfeld"]

1.c4 c5 2.Nc3 Nc6 3.Nf3 Nf6 4.e3 e6 5.d4 d5 6.a3 cxd4 7.exd4 Be7 8.Bd3 dxc4
9.Bxc4 O-O 10.O-O Qd6 11.Bg5 Rd8 12.Nb5 Qb8 13.Bh4 Ne4 14.Bxe7 Nxe7 15.Qe2 Nf6
16.Nc3 Bd7 17.Ne5 Nc6 18.Rad1 Be8 19.Ng4 Qf4

[Event "2 Bundesliga Mitte 2006/2007"]
[Site "St Veit"]
[Date "2007.01.28"]
[Round "7"]
[Board "5"]
[White "Frosch, Erich"]
[Black "Eichert, Wolfgang"]
[Result "1/2-1/2"]
[WhiteElo "2320"]
[BlackElo "2159"]
[PlyCount "94"]
[EventDate "2006.10.28"]
[EventType "team"]
[EventRounds "11"]
[EventCountry "AUT"]
[WhiteTeam "Fuerstenfeld"]
[BlackTeam "Maria Saal"]

1.Nf3 Nf6 2.b3 g6 3.Bb2 Bg7 4.g3 O-O 5.Bg2 d6 6.O-O e5 7.d3 c6 8.c4 Na6 9.Nbd2
h6 10.a3 Be6 11.b4 Qc8 12.Rc1 Bh3 13.Qb3 c5 14.Ne4 Nxe4 15.dxe4 Bf6 16.Rcd1 Be7
17.Qc3 Be6 18.b5 Nc7 19.h4 Ne8 20.Bc1 Kg7 21.a4 a5 22.Nh2 Bf6 23.Rfe1 Kh7 24.Nf1
Bg7 25.Ne3 b6 26.Nd5 Qd8 27.Qd3 Ra7 28.Rf1 f5 29.exf5 gxf5 30.Bh3 e4 31.Qc2 Nf6
32.Nf4 Bc8 33.Qd2 Re8 34.e3 Kg8 35.Qe2 Ng4 36.Bxg4 fxg4 37.Bb2 Bxb2 38.Qxb2 Be6
39.Qc2 Bf5 40.Rd5 Qf6 41.Rfd1 Rd7 42.Qd2 Red8 43.Qc2 Rb7 44.R5d2 Qe5 45.Kg2 Rf7
46.Rd5 Qf6 47.R1d2 Rfd7

[Event "2 Bundesliga Mitte 2006/2007"]
[Site "Graz"]
[Date "2007.01.28"]
[Round "7"]
[Board "1"]
[White "Taggatz, Mario"]
[Black "Flumbort, Andras"]
[Result "1/2-1/2"]
[WhiteElo "2283"]
[BlackElo "2510"]
[PlyCount "59"]
[EventDate "2006.10.28"]
[EventType "team"]
[EventRounds "11"]
[EventCountry "AUT"]
[WhiteTeam "Sauwald"]
[BlackTeam "ASK St Valentin"]

1.d4 Nf6 2.c4 g6 3.Nc3 d5 4.Nf3 Bg7 5.Bg5 Ne4 6.Bh4 Nxc3 7.bxc3 dxc4 8.Qa4+ Nd7
9.e3 c5 10.Bxc4 O-O 11.Qa3 h6 12.O-O g5 13.Bg3 cxd4 14.cxd4 Nf6 15.Rac1 a6
16.Bc7 Qe8 17.Be5 b5 18.Be2 Be6 19.Nd2 Nd5 20.Bxg7 Kxg7 21.Bf3 Qd8 22.Rc5 Qd6
23.Rfc1 g4 24.Bxd5 Bxd5 25.e4 Bb7 26.Qe3 Rac8 27.Nb3 Rfd8 28.Rxc8 Bxc8 29.Qg3
Qxg3 30.hxg3

[Event "2 Bundesliga Mitte 2006/2007"]
[Site "Graz"]
[Date "2007.01.28"]
[Round "7"]
[Board "2"]
[White "Sandhoefner, Florian"]
[Black "Testor, Sebastian"]
[Result "1/2-1/2"]
[WhiteElo "2271"]
[BlackElo "2233"]
[PlyCount "37"]
[EventDate "2006.10.28"]
[EventType "team"]
[EventRounds "11"]
[EventCountry "AUT"]
[WhiteTeam "ASK St Valentin"]
[BlackTeam "Sauwald"]

1.e4 e6 2.d4 d5 3.Nd2 Be7 4.e5 c5 5.Qg4 g6 6.dxc5 Nd7 7.Ngf3 Qc7 8.Qg3 Nxc5 9.c3
b6 10.Nb3 Ne4 11.Qh3 h5 12.Bd3 g5 13.Bxe4 dxe4 14.Nxg5 Qxe5 15.Qe3 Bb7 16.O-O
Qxg5 17.Qxg5 Bxg5 18.Bxg5 f6 19.Be3

[Event "2 Bundesliga Mitte 2006/2007"]
[Site "Graz"]
[Date "2007.01.28"]
[Round "7"]
[Board "3"]
[White "Hiermann, Dietmar"]
[Black "Tober, Gerhard"]
[Result "1-0"]
[WhiteElo "2260"]
[BlackElo "2329"]
[PlyCount "69"]
[EventDate "2006.10.28"]
[EventType "team"]
[EventRounds "11"]
[EventCountry "AUT"]
[WhiteTeam "Sauwald"]
[BlackTeam "ASK St Valentin"]

1.e4 g6 2.d4 Bg7 3.Nc3 c6 4.Nf3 b5 5.a3 d6 6.h3 Bb7 7.Bd3 Nf6 8.Bg5 h6 9.Be3
Nfd7 10.O-O O-O 11.Qd2 Kh7 12.Nh2 e5 13.Be2 a6 14.Rad1 Qe7 15.b4 f5 16.exf5 gxf5
17.Rfe1 Qf7 18.dxe5 dxe5 19.Bd3 e4 20.Nxe4 fxe4 21.Bxe4+ Kh8 22.Bxh6 Nf6 23.Qg5
Nxe4 24.Rxe4 Bf6 25.Qe3 Rg8 26.Ng4 c5 27.Rf4 Nd7 28.bxc5 Rae8 29.Qd3 Ne5 30.Qf5
Rg6 31.Nxe5 Rxe5 32.Qxe5 Rxh6 33.Rxf6 Rxf6 34.c6 Bxc6 35.Rd6